000
00198 a2200097 4500
020
_a
9780385343022
041
_a
eng
100
_a
Iggulden, Gonn
245
_a
Emperor the death of kings
942
_c
BK
999
_c
29923
_d
29921